Statystyki dla Stolice świata na literę K

Kliknij tutaj aby rozwiązać quiz!

Ogólne statystyki

  • Ten quiz został rozwiązany 7 608 razy
  • Średni wynik to 7 z 15

Statystyki odpowiedzi

PaństwoStolica% Poprawnych
UkrainaKijów
77%
MołdawiaKiszyniów
71%
EgiptKair
69%
DaniaKopenhaga
69%
Republika Południowej AfrykiKapsztad
46%
MalezjaKuala Lumpur
46%
Demokratyczna Republika KongaKinszasa
44%
JamajkaKingston
43%
Saint Vincent i GrenadynyKingstown
43%
NepalKatmandu
41%
KuwejtKuwejt
41%
AfganistanKabul
40%
RwandaKigali
26%
UgandaKampala
25%
GwineaKonakry
20%

Rozkład punktacji

Percentyl według liczby udzielonych odpowiedzi

Procent ludzi z każdym wynikiem

Twoja historia wyników

Nie rozwiązałeś tego quizu